Normal view
MARC view
Entry Personal Name
001 - CONTROL NUMBER
- control field: 21242
003 - CONTROL NUMBER IDENTIFIER
- control field: dpl
005 - DATE AND TIME OF LATEST TRANSACTION
- control field: 20100923113743.0
008 - FIXED-LENGTH DATA ELEMENTS
- fixed length control field: 100923|||a|||||| | ||| d
040 ## - CATALOGING SOURCE
- Original cataloging agency: dpl
- Transcribing agency: dpl
100 ## - HEADING--PERSONAL NAME
- Personal name: इर्शी फ़्रीड
670 ## - SOURCE DATA FOUND
- Source citation: Work cat.: (dpl)36755: इर्शी फ़्रीड, बाहर और परेः, 2010
670 ## - SOURCE DATA FOUND
- Source citation: Work cat.: (dpl)36755: इर्शी फ़्रीड, बाहर और परेः, 2010
